000 00611nam a2200241Ia 4500
003 OSt
005 20221006145108.0
006 a|||||r|||| 00| 0
007 ta
008 221006b |||||||| |||| 00| 0 eng d
020 _c
_1.95
024 _a13,771
037 _cTextual
040 _aEASL
_cEASL
_beng
041 _2eng
_aeng
082 _aV58:51.N05, K2
100 _aSPECTOR Ivar
_962388
245 0 _aFoirst Russian revolution
_b its impact on Asia
260 _c1962
300 _a180p.
_ccm.
942 _hV58:51.N05, K2
_cTEXL
_2CC
999 _c1081857
_d1081857